| 000 | 00724 a2200229 4500 | ||
|---|---|---|---|
| 001 | 36096 | ||
| 005 | 20260407155638.0 | ||
| 008 | 260407a1985 arg spa d | ||
| 003 | AR-UNSa-BCEJYS | ||
| 040 |
_aAR-UNSa-BCEJYS _bspa _cAR-UNSa-BCEJYS |
||
| 080 |
_a330.43 _xEconometría |
||
| 245 | 1 | 0 |
_aEconometría _pproblemas y ejercicios |
| 020 | _a950-537-095-4 | ||
| 264 | 1 |
_aBuenos Aires : _bEdiciones Macchi _c1985 |
|
| 300 |
_a414 p. _c23 cm. |
||
| 505 | _a1. El modelo uniecuacional - 2. Modelos multiecuacionales - 3. Predicción - 4. Modelos para series de tiempo | ||
| 041 | _aspa | ||
| 942 | _cBK | ||
| 590 | _aniveau_biblio:m niveau_hierar:0 | ||
| 100 | 1 | _aUrbisaia, Heriberto L. | |
| 700 | 1 | _aBrufman, Juana Z. | |
| 999 |
_c2612 _d2612 |
||